[Event ")*"]
[Site "http://www.queenalice.com/game.php?id=978681"]
[Date "2011.8.30"]
[Round "-"]
[White "tcmaclei"]
[Black "tatianamilu"]
[Result "0-1"]
[WhiteElo "1763"]
[BlackElo "1981"]

1. d4 d5 2. Nf3 Nf6 3. g3 c6 4. Bg2 e6 5. O-O Be7 6. Nc3 O-O 7. e3 h6 8. a3 Nbd7
9. b4 a6 10. Bb2 Nb6 11. Nd2 Nh7 12. Ne2 Bf6 13. Qc1 Qe7 14. c4 Rb8 15. Qc2 dxc4
16. Nxc4 Nxc4 17. Qxc4 Bd7 18. a4 b5 19. axb5 cxb5 20. Qb3 Rb6 21. Rac1 Rc8 22.
Nf4 Rc4 23. Ba3 Qd8 24. Rfd1 Rxc1 25. Rxc1 e5 26. dxe5 Bxe5 27. Nd3 Bf6 28. Bd5
Ng5 29. Rd1 Qe7 30. Nc5 Ne6 31. Be4 Nxc5 32. bxc5 Qxe4 33. Rxd7 Re6 34. Bb2 Qc6
35. Bxf6 Qxd7 0-1

[Event "Challenge"]
[Site "http://www.queenalice.com/game.php?id=978682"]
[Date "2011.8.30"]
[Round "-"]
[White "tcmaclei"]
[Black "Aracy"]
[Result "0-1"]
[WhiteElo "1764"]
[BlackElo "2021"]

1. c4 Nf6 2. Nf3 b6 3. e3 Bb7 4. Be2 e6 5. O-O g6 6. d4 d5 7. Nc3 c6 8. cxd5
exd5 9. a4 a5 10. Ne5 Bd6 11. Ng4 Nxg4 12. Bxg4 Qc7 13. g3 Ba6 14. Re1 O-O 15.
e4 dxe4 16. Nxe4 Be7 17. Bf4 Qd8 18. Bh6 Re8 19. Be2 Bxe2 20. Rxe2 Na6 21. Rd2
Nb4 22. Ra3 f5 23. Nc3 Bf6 24. Qb3+ Kh8 25. Ne2 Bg5 26. Bxg5 Qxg5 27. Qd1 Rad8
28. Nf4 Re4 29. Nh3 Qf6 30. d5 Rde8 31. Re3 Rxe3 32. fxe3 Nxd5 0-1

[Event "A Grob imortal"]
[Site "http://www.queenalice.com/game.php?id=979221"]
[Date "2011.8.31"]
[Round "-"]
[White "betofortaleza"]
[Black "tcmaclei"]
[Result "1/2-1/2"]
[WhiteElo "1823"]
[BlackElo "1756"]

1. Nf3 d5 2. d4 b6 3. Bf4 Nf6 4. e3 Bd7 5. c4 e6 6. Ne5 Bb4+ 7. Nc3 Ne4 8. Qc2
O-O 9. Bd3 Nxc3 10. bxc3 Ba5 11. Bxh7+ Kh8 12. h4 Bxc3+ 13. Qxc3 Kxh7 14. Rh3
Nc6 15. Qd3+ Kg8 16. Nf3 Nb4 17. Qb1 a5 18. a3 e5 19. Ng5 g6 20. Rf3 exf4 21.
axb4 fxe3 22. fxe3 Bf5 23. Rxf5 f6 24. Ne6 Qe7 25. Nxf8 Qxe3+ 26. Kf1 gxf5 27.
Qxf5 Rxf8 28. Re1 Qh6 29. Qxd5+ Kg7 30. Re7+ Kh8 31. Qe4 axb4 32. Qe1 Qf4+ 33.
Qf2 Qc1+ 34. Qe1 Qxc4+ 35. Kg1 Qxd4+ 36. Qe3 Qxe3+ 37. Rxe3 c5 38. Kf1 Kg7 39.
Ke2 Rd8 40. Re7+ Kg6 41. Re6 Kf7 42. Rxb6 Rd4 43. g3 Rd8 44. h5 Kg7 45. g4 Rd4
46. Kf3 Rd3+ 47. Ke4 Rc3 48. Rb7+ Kh6 49. Kf4 b3 50. Rb6 Kg7 51. Kf5 Rf3+ 52.
Ke4 Rc3 53. Kf5 c4 54. g5 fxg5 55. Kxg5 Rg3+ 56. Kh4 Rg1 57. h6+ Kh7 58. Kh5
Rh1+ 1/2-1/2

[Event "Fiat Lux!"]
[Site "http://www.queenalice.com/game.php?id=980842"]
[Date "2011.9.3"]
[Round "-"]
[White "equus"]
[Black "tcmaclei"]
[Result "0-1"]
[WhiteElo "1940"]
[BlackElo "1739"]

1. Nf3 d5 2. d4 Nf6 3. c4 e6 4. g3 Be7 5. Bg2 c6 6. O-O O-O 7. Qc2 Nbd7 8. Nbd2
a6 9. a3 Qc7 10. b4 b5 11. c5 a5 12. Bb2 axb4 13. axb4 Bb7 14. Rfe1 Rxa1 15.
Rxa1 Nb8 16. Bc3 Na6 17. h4 Ra8 18. Bh3 Bf8 19. Ne5 Nxb4 20. Qb2 Na6 21. Ba5 Qb8
22. g4 g6 23. e3 Bg7 24. f3 Qc8 25. Nb3 Nd7 26. Nxd7 Qxd7 27. Qg2 Qe7 28. Qg3 e5
29. Re1 Re8 30. g5 exd4 31. exd4 Qf8 32. Bd2 Rxe1+ 33. Qxe1 Nc7 34. Bf4 Bc8 35.
Bd6 Qd8 36. Bxc8 Qxc8 37. Qe7 Ne6 38. Be5 Bxe5 39. dxe5 Qa8 40. Qf6 Qa4 41. Nd2
Qd4+ 0-1

[Event "Bold"]
[Site "http://www.queenalice.com/game.php?id=982711"]
[Date "2011.9.8"]
[Round "-"]
[White "tcmaclei"]
[Black "plot24"]
[Result "1-0"]
[WhiteElo "1759"]
[BlackElo "1723"]

1. Nc3 d5 2. d4 e6 3. Nf3 Nd7 4. e3 Ngf6 5. Bb5 Bd6 6. O-O O-O 7. Re1 c6 8. Ba4
Qc7 9. e4 dxe4 10. Nxe4 Nxe4 11. Rxe4 Nf6 12. Rh4 b6 13. Bg5 Nd5 14. Qd2 a5 15.
c4 Ne7 16. Bc2 g6 17. Bf6 1-0

[Event "Lanacito"]
[Site "http://www.queenalice.com/game.php?id=989236"]
[Date "2011.9.24"]
[Round "-"]
[White "tcmaclei"]
[Black "betofortaleza"]
[Result "1-0"]
[WhiteElo "1758"]
[BlackElo "1848"]

1. Nf3 d5 2. d4 Nc6 3. g3 Bf5 4. c3 Nf6 5. Na3 e6 6. b3 Be4 7. Bg2 Bd6 8. Nb5 a6
9. Nxd6+ Qxd6 10. O-O e5 11. dxe5 Nxe5 12. Bf4 O-O 13. Bxe5 Qc6 14. Bxf6 Qxf6
15. Rc1 c5 16. e3 b5 17. Ne1 Rad8 18. Bxe4 dxe4 19. Qc2 Qe6 20. Ng2 g6 21. Nf4
Qf5 22. Rcd1 g5 23. Rxd8 Rxd8 24. Ne2 h5 25. b4 c4 26. Nd4 Qd5 27. Qe2 g4 28.
Kg2 f5 29. h3 Qa8 30. hxg4 fxg4 31. Rh1 Qd5 32. Ra1 Ra8 33. a4 Rb8 34. axb5 axb5
35. Rd1 Qf7 36. Qc2 Qh7 37. Rh1 Kg7 38. Qa2 Kg6 39. Qa6+ Kg5 40. Ne6+ Kf5 41.
Rxh5+ 1-0

[Event "New horizon"]
[Site "http://www.queenalice.com/game.php?id=989362"]
[Date "2011.9.24"]
[Round "-"]
[White "tcmaclei"]
[Black "brannach"]
[Result "0-1"]
[WhiteElo "1774"]
[BlackElo "1917"]

1. Nf3 d5 2. d4 Nc6 3. g3 e6 4. Nc3 Nf6 5. Bg2 Be7 6. Bf4 O-O 7. Nb5 Bd6 8. Nxd6
cxd6 9. O-O e5 10. dxe5 dxe5 11. Nxe5 Nxe5 12. Bxe5 Be6 13. Bd4 Rc8 14. Bxa7 b6
15. Qd4 Nd7 16. c4 Rxc4 17. Qd1 Rc7 18. Qa4 Qa8 19. Qf4 Qxa7 20. a4 Rc4 0-1

[Event "Flaw"]
[Site "http://www.queenalice.com/game.php?id=991501"]
[Date "2011.9.30"]
[Round "-"]
[White "brannach"]
[Black "tcmaclei"]
[Result "1-0"]
[WhiteElo "1953"]
[BlackElo "1778"]

1. d4 d5 2. Nf3 e6 3. Nc3 Nf6 4. e3 Bb4 5. a3 Ba5 6. Be2 O-O 7. Bd2 a6 8. b4 Bb6
9. Bd3 Bd7 10. e4 dxe4 11. Nxe4 Nxe4 12. Bxe4 Bc6 13. Bxc6 Nxc6 14. c3 Ne7 15.
O-O Ba7 16. Qc2 b6 17. Ng5 g6 18. Rfe1 c5 19. Ne4 Qc7 20. Nf6+ Kg7 21. Qe4 Nf5
22. Bf4 Qc8 23. Be5 Rd8 24. g4 Nh6 25. h4 Bb8 26. Qxa8 1-0

[Event "II"]
[Site "http://www.queenalice.com/game.php?id=991692"]
[Date "2011.9.30"]
[Round "-"]
[White "Aracy"]
[Black "tcmaclei"]
[Result "1-0"]
[WhiteElo "2048"]
[BlackElo "1773"]

1. e4 e5 2. Nf3 Nc6 3. Bb5 Nf6 4. d3 Bc5 5. O-O a6 6. Bxc6 dxc6 7. Nxe5 Bd6 8.
Nc4 Ng4 9. Nxd6+ Qxd6 10. g3 h5 11. Bf4 Qe7 12. f3 g5 13. Bd2 Qc5+ 14. Kg2 Ne3+
15. Bxe3 Qxe3 16. Qd2 Qxd2+ 17. Nxd2 g4 18. Nc4 h4 19. Ne5 gxf3+ 20. Nxf3 hxg3
21. Kxg3 Rg8+ 22. Kf2 Bh3 23. Rg1 Rf8 24. Rg3 Be6 25. h4 O-O-O 26. h5 f5 27. h6
fxe4 28. dxe4 Bg8 29. Ke3 Bh7 30. Rg7 Rd7 31. Ng5 Rxg7 32. hxg7 Rg8 33. Nxh7
Rxg7 34. Nf6 Rg6 35. Rf1 Rg2 36. Rh1 b5 37. e5 Rxc2 38. e6 1-0

[Event "Redemption"]
[Site "http://www.queenalice.com/game.php?id=991856"]
[Date "2011.10.1"]
[Round "-"]
[White "tcmaclei"]
[Black "jeffcom2f"]
[Result "1-0"]
[WhiteElo "1765"]
[BlackElo "1880"]

1. b3 e5 2. Bb2 Nc6 3. e3 Nf6 4. Bb5 Bd6 5. Nf3 O-O 6. O-O Re8 7. Re1 e4 8. Nd4
Nxd4 9. Bxd4 c6 10. Be2 c5 11. Bb2 b6 12. c4 Bb7 13. Na3 a6 14. d4 Qc7 15. g3
Be7 16. Nc2 d5 17. a4 a5 18. Na3 Qc8 19. dxc5 bxc5 20. Nb5 1-0

[Event "(;"]
[Site "http://www.queenalice.com/game.php?id=993812"]
[Date "2011.10.6"]
[Round "-"]
[White "polly"]
[Black "tcmaclei"]
[Result "0-1"]
[WhiteElo "1624"]
[BlackElo "1788"]

1. e4 e5 2. Nf3 d6 3. g3 Nf6 4. Nc3 Be7 5. Bg2 Nc6 6. O-O O-O 7. d3 Bg4 8. Be3
Qd7 9. h4 Bh3 10. Nh2 h5 11. Qf3 Bxg2 12. Kxg2 Nb4 13. Rfc1 c6 14. a3 Na6 15.
Rh1 d5 16. exd5 cxd5 17. d4 e4 18. Qe2 Kh7 19. f3 Rh8 20. Bg5 Kg8 21. Bxf6 Bxf6
22. Rad1 Re8 23. Qe3 Rh6 24. Kf2 exf3 25. Qxf3 Nc7 26. Nf1 Bd8 27. Kg2 Rhe6 28.
Kg1 Rf6 29. Qd3 Ne6 30. Re1 Rg6 31. Ne2 Bc7 32. Rh3 Nf4 33. Nxf4 Rxe1 34. Kf2
Bxf4 35. Kxe1 Qxh3 36. gxf4 Qxh4+ 37. Kd2 Qxf4+ 38. Kc3 Qc7+ 39. Kd2 Rg2+ 40.
Kc1 Qf4+ 41. Kd1 Rg1 42. Ke1 h4 43. c4 Qe4+ 44. Kd2 Qxd3+ 45. Kxd3 dxc4+ 46.
Kxc4 Rxf1 0-1

[Event "Flawless?"]
[Site "http://www.queenalice.com/game.php?id=994001"]
[Date "2011.10.6"]
[Round "-"]
[White "tcmaclei"]
[Black "brannach"]
[Result "0-1"]
[WhiteElo "1780"]
[BlackElo "1995"]

1. Nf3 d5 2. d4 Nf6 3. g3 Nc6 4. Bg2 e6 5. O-O Bd6 6. Nc3 Bd7 7. Nb5 e5 8. Nxd6+
cxd6 9. Be3 e4 10. Nd2 Qe7 11. f3 O-O-O 12. Bg5 h6 13. Bxf6 Qxf6 14. Nb3 exf3
15. Bxf3 Bh3 16. Bg2 Qe6 17. Rf3 Bxg2 18. Kxg2 Rde8 19. Rf2 h5 20. Qf1 Qe4+ 21.
Kg1 Nxd4 22. Nxd4 Qxd4 23. c3 Qb6 24. Kh1 f6 25. b3 Kb8 26. Rf4 Qc5 27. Rc1 Qe3
28. Rc2 h4 29. gxh4 Re4 30. Rf3 Qh6 31. Rh3 Rxh4 32. Rxh4 Qxh4 33. e3 Qe4+ 34.
Qg2 Qxe3 35. Qxg7 Rh4 36. Qg8+ Kc7 37. Rg2 Qe1+ 38. Rg1 Qe4+ 39. Rg2 Rf4 40. h3
Rf1+ 41. Kh2 Qf4+ 42. Qg3 Qc1 43. Qg7+ Kb6 44. Rg1 Rxg1 45. Qxg1+ Qxg1+ 46. Kxg1
Kc6 47. Kg2 d4 48. cxd4 Kd5 49. h4 Ke4 50. Kg3 f5 51. h5 Ke3 52. h6 f4+ 53. Kg4
f3 54. h7 f2 55. h8=Q f1=Q 56. Qh6+ Kd3 57. Qg6+ Kc3 58. Qxd6 Qe2+ 59. Kf5 Qd3+
60. Ke5 Qe3+ 61. Kf6 Qxd4+ 62. Qxd4+ Kxd4 63. Ke6 Kc3 64. Kd6 Kb2 65. Kc7 b5 66.
Kb7 Kxa2 0-1

[Event "Pan-American"]
[Site "http://www.queenalice.com/game.php?id=994982"]
[Date "2011.10.8"]
[Round "-"]
[White "Bubba"]
[Black "tcmaclei"]
[Result "0-1"]
[WhiteElo "2078"]
[BlackElo "1768"]

1. d4 d5 2. c4 e6 3. Nc3 Nf6 4. Nf3 Nc6 5. Bg5 Be7 6. cxd5 exd5 7. e3 O-O 8. Bd3
Ne4 9. Bxe7 Qxe7 10. Qc2 Nb4 11. Qe2 Bg4 12. Rd1 Rac8 13. a3 Nxd3+ 14. Qxd3 Bxf3
15. gxf3 Nxc3 16. Qxc3 c5 17. dxc5 Rxc5 18. Qd4 b6 19. O-O Rd8 20. Rc1 Qg5+ 21.
Qg4 Qf6 22. b4 Rxc1 23. Rxc1 g6 24. Rd1 Qb2 25. Kg2 Qxa3 26. Qh4 Rd6 27. Qf4 Rd7
28. Qb8+ Kg7 29. Qe8 Qa4 30. Qxd7 Qxd7 0-1

[Event "Latin game"]
[Site "http://www.queenalice.com/game.php?id=994983"]
[Date "2011.10.8"]
[Round "-"]
[White "charles31"]
[Black "tcmaclei"]
[Result "0-1"]
[WhiteElo "1759"]
[BlackElo "1769"]

1. e4 e5 2. Nf3 d6 3. h3 Nf6 4. Nc3 Be7 5. d4 Nbd7 6. d5 O-O 7. Bc4 a6 8. Bg5 b5
9. Bb3 a5 10. Qe2 a4 11. Qxb5 axb3 12. cxb3 Ba6 13. Qc6 Nc5 14. Kd2 Nfxe4+ 15.
Nxe4 Nxe4+ 16. Kc2 Nxg5 17. Nxg5 Bxg5 18. g3 Qf6 19. Rh2 Qf3 20. Rd1 Qe2+ 21.
Kc3 Qxd1 22. f4 Qd3+ 0-1

[Event "No kidding!!"]
[Site "http://www.queenalice.com/game.php?id=999353"]
[Date "2011.10.19"]
[Round "-"]
[White "tcmaclei"]
[Black "JackieR"]
[Result "1-0"]
[WhiteElo "1796"]
[BlackElo "1754"]

1. Nf3 Nc6 2. g3 e5 3. e4 Bc5 4. Bg2 d6 5. O-O Bg4 6. d3 Nd4 7. Nbd2 Qf6 8. c3
Nxf3+ 9. Nxf3 O-O-O 10. Bg5 Bxf3 11. Bxf6 Bxd1 12. Bh3+ Kb8 13. Bxd8 Be2 14.
Rfe1 Bxd3 15. Bg5 f6 16. Be3 Bxe3 17. Rxe3 Bb5 18. a4 Be8 19. b4 Bf7 20. Bf1 Nh6
21. c4 Be6 22. a5 Nf7 23. Rc3 h5 24. c5 dxc5 25. bxc5 h4 26. Rb1 hxg3 27. fxg3
Kc8 28. a6 bxa6 29. Bxa6+ Kd7 30. Rd3+ Ke7 31. Rb7 f5 32. Rxc7+ Kf6 33. exf5
Bxf5 34. Rf3 Kg6 35. Rxf5 Kxf5 36. Rxf7+ Kg6 37. Rc7 Re8 38. c6 Re6 39. Bc4 Rf6
40. Bb5 Rf5 41. Rxa7 e4 42. c7 Rf8 43. Ba6 1-0